000 00625nam a22001937a 4500
005 20250424152349.0
010 _aENG-144730
020 _a9788119337347
_c400.00
035 _aEN-128262
037 _bDBAD
082 _a330.0954
_21
245 _aIndian Economy @ 75/
_cDaisy P K, Jomal Thomas and Anisha N G.
260 _aTamil Nadu
_bShanlax Publication
_c2023
270 _a61, 66 T.P.K .Main Road, Vasantha nagar, Madurai
_bTamil Nadu
_e625003
300 _a186p.
_c25cm(Pb)
700 _976691
_aDaisy P.K, Jamol Thomas, Anisha N G.
_eEditor
760 _b1
942 _2ddc
_cEN
_h330.0954
_mECO
_e1
999 _c211104
_d211104